Itinerari de Can Grau : coneguem els nostres parcs : guió didàctic / Parc del Garraf ; [equip d'autors : Talp EEA] ; revisió: Servei de Parcs Naturals coneguem els nostres parcs :
Publicado:
Barcelona :
Diputació de Barcelona. Àrea d'Espais Naturals. Xarxa de Parcs Naturals, [2011]
Descripción Física:
18 p. : il. ; 21 cm
MARC
| LEADER | 00000nam a2200000Ia 4500 | ||
|---|---|---|---|
| 001 | 23352 | ||
| 008 | 160829s9999 xx 000 0 cat d | ||
| 080 | |a FU-61-3 | ||
| 110 | |a Parc del Garraf (Catalunya) |9 9859 | ||
| 245 | |a Itinerari de Can Grau : |b coneguem els nostres parcs : |b guió didàctic / Parc del Garraf ; [equip d'autors : |b Talp EEA] ; revisió: |b Servei de Parcs Naturals | ||
| 260 | |a Barcelona : |b Diputació de Barcelona. Àrea d'Espais Naturals. Xarxa de Parcs Naturals, [2011] | ||
| 300 | |a 18 p. : |b il. ; |c 21 cm | ||
| 650 | |a Parc del Garraf |x Problemes, exercicis, etc. |9 48701 | ||
| 650 | |a Can Grau |x Problemes, exercicis, etc. |9 48702 | ||
| 650 | |a Material didàctic |9 22831 | ||
| 710 | 1 | |a Barcelona (Catalunya : Província). |b Xarxa de Parcs Naturals |9 7250 | |
| 710 | |a Barcelona (Catalunya : Província). |b Servei de Parcs Naturals |9 53492 | ||
| 710 | |a Barcelona (Catalunya : Província). |b Àrea d'Espais Naturals |9 9050 | ||
| 901 | |a Arxiu | ||
| 942 | |n 1 | ||
| 952 | |0 0 |1 0 |4 0 |6 FU613 |7 1 |9 54787 |a Arxiu |b Arxiu |d 2012-01-03 |l 0 |o FU-61-3 |p 23352 |r 2016-12-01 00:00:00 |w 2016-12-01 |y ARXIU | ||
| 999 | |c 58656 |d 58656 | ||